| 000 | 00549nam a22001817a 4500 | ||
|---|---|---|---|
| 005 | 20240424125513.0 | ||
| 008 | 240424b |||||||| |||| 00| 0 eng d | ||
| 020 | _a9780340958742 | ||
| 082 |
_a617.075 _bBRO-B |
||
| 100 | _aBrowse,Norman L,John Black, Kevin G Burnand | ||
| 245 | _aBrowse's intriduction to the investigation and management of surgical disease / | ||
| 260 |
_aindia: _bGreat british; _c2010 |
||
| 300 |
_a561p. _bill; _c24.5cm |
||
| 500 | _ainclude index . | ||
| 650 | _aMedical / surgery | ||
| 700 | _a,John Black, | ||
| 999 |
_c35595 _d35595 |
||